All the Geography I know by Letter-P - Statistics

General Stats
  • This quiz has been taken 62 times
  • The average score is 26 of 61
Answer Stats
Hint Answer % Correct
Smaller country in Oceania Palau
96%
City in Western Australia/Scotland Perth
89%
Capital of France Paris
85%
Capital of Cambodia Phnom Penh
81%
Country invaded by Russia and Germany Poland
81%
Country in Oceania Papua New Guinea
79%
Country on the Iberian Peninsula Portugal
79%
City in that country Porto
77%
Capital of North Korea Pyongyang
77%
Capital of Sicily Palermo
72%
U.s State Pennsylvania
72%
Capital of Kosovo Pristina
72%
Country of Central America Panama
70%
Capital of that country Panama City
70%
Country in South America Paraguay
70%
Island country in the Pacific Philippines
70%
Country in South America Peru
68%
Capital of the Above Port Moresby
66%
*"Country" in the Middle East Palestine
64%
One of the capitals of South Africa Pretoria
64%
Capital of Montenegro Podgorica
60%
Capital of Arizona Phoenix
57%
Capital of Haiti Port au Prince
57%
Capital of Cape Verde Praia
55%
Another city there Pittsburgh
53%
Capital of Vanuatu Port Vila
53%
City in Italy Pisa
49%
Capital of Suriname Paramaribo
47%
Capital of Benin Porto Novo
47%
City in United Kingdom Portsmouth
47%
Capital of South Dakota Pierre
40%
City in India Pune
40%
Capital of Rhode Island Providence
38%
City in Italy Parma
34%
City in Bulgaria Plovdiv
34%
City in Italy Padua
32%
City in Pakistan Peshawar
32%
City in South Korea Pusan
32%
City in United Kingdom Plymouth
30%
City in Russia Perm
28%
City in that country Poznan
28%
City in Brazil Porto Alegre
26%
City in Greece Patras
23%
City in Indonesia Palembang
21%
City in South Africa Port Elizabeth
21%
City in Illinois Peoria
19%
City in Sudan Port Sudan
19%
City in California Pasadena
17%
City in Nigeria Port Harcourt
17%
City in Egypt Port Said
17%
City in Kosovo Prizren
15%
Island of that country Palawan
13%
City in Belarus Pinsk
11%
Another island of that country Panay
9%
City in Ukraine Poltava
6%
City in Russia Pskov
2%
City in Namibia Pelican Point
0%
City in Bulgaria Pernik
0%
City there Philidelphia
0%
City there Piura
0%
Region of Liechtenstein Planken
0%
No matching quizzes found
Score Distribution
Percent of People with Each Score
Percentile by Number Answered
Your Score History
You have not taken this quiz